Histoire de France (I) - Statistiques

Statistiques générales
  • Ce quiz a été pris 13 fois
    7 depuis la dernière actualisation
  • Le résultat moyen est 25 sur 100
Statistiques - réponses
Indices Réponses % Correct
Ces tribus occupèrent une large partie de la France, de la Belgique et de l'Allemagne. Ils sont des peuples d’Europe de l’Ouest. Ils construisirent des premières villes, comme Lutetia ou Burdigala. Les Romains appellent Gaulois ceux installés en Gaule. Celtes
100%
Année du baptême de Clovis. 496
50%
Date où il est couronné empereur. 800
50%
En 1208, après l’assassinat de son légat Pierre de Castelnau en Languedoc, le pape Innocent III excommunie le comte Raymond VI de Toulouse, jugé responsable et soutien de ce mouvement chrétien dissident (il renonce aux plaisirs terrestres et rejette les biens matériels). Albigeois/Cathares
50%
Guerre qui oppose le roi anglo-saxon Harold II au duc de Normandie Guillaume le Conquérant. Ce dernier est vainqueur et est couronné roi d'Angleterre le 25 décembre 1066 dans l'Abbaye de Westminster à Londres. Les vainqueurs normands et leurs alliés français prennent la place de la noblesse anglo-saxonne. - VICTOIRE Bataille d’Hastings
50%
Dès la fin de l’Antiquité, c'est la résidence de l’évêque. À partir du VIIIe siècle, celui-ci devient archevêque et c’est au XIe siècle que la cathédrale est associée à la dynastie capétienne et lieu du sacre des rois de France. Cathédrale de Reims
50%
Roi des Francs depuis 768. Charlemagne
50%
Il arrête les arabes à Poitiers. Charles Martel
50%
Premier roi du royaume Franc, qui deviendra plus tard le royaume de France. Il est le premier roi de la dynastie (lignée, famille) des Mérovingiens. Clovis
50%
La deuxième opération se solde en 1148 par un échec du siège de... Damas
50%
En rentrant de captivité en 1360, Jean Il crée une nouvelle monnaie. Franc
50%
Roi d'Angleterre, c'est le frère du précédent. Jean sans Terre
50%
Adoubé par le roi Arthur, il s’éprend de la femme de ce dernier, la reine Guenièvre. Mais celle-ci est enlevée par Méléagant et il doit accomplir une série d’exploits pour la délivrer. Lancelot de Chrétien de Troyes
50%
Nom de l'oeuvre d'art qui relate cette bataille, elle est conservée dans la ville du même nom. La tapisserie de Bayeux
50%
Nom de cette guerre menée pour venir en aide aux chrétiens d’Orient, les Byzantins, menacés par les Turcs seldjoukides et pour libérer Jérusalem aux mains des musulmans. Les croisades
50%
En 52 av. J.-C., c'est l'une des batailles principales de la guerre des Gaules. Les forces gauloises rassemblées sous la conduite de Vercingétorix y repoussèrent les assauts des légions romaines de Jules César, qui assiégeaient l'oppidum de Gergovie (Puy-de-Dôme actuel). - VICTOIRE Le siège de Gergovie
50%
Ordre militaire et religieux chrétien fondé entre 1118 et 1120 à Jérusalem. Son but est de protéger les pèlerins qui participent au pèlerinage à Jérusalem sur le tombeau de Jésus (le Saint-Sépulcre) contre les attaques des guerriers musulmans. Ils sont à la fois des moines et des soldats. Les Templiers
50%
Le frère ainé de Louis et Charles qui a hérité du titre d’empereur. Ces derniers contestent le droit d’avoir plus de territoires et une autorité supérieure à lui. En 841, ils le mettent déroute : il se réfugie à Aix-la-Chapelle. En 842, ils se retrouvent à Strasbourg et jurent de s’aider face à leur aîné. Lothaire
50%
La huitième est conduite par ce roi qui meurt à Tunis. Louis IX
50%
Nom donné à la période de paix du Ier et IIe siècles : la présence romaine a mis fin aux guerres entre chefs gaulois et à la menace des invasions des Germains à l’Ouest. Pax romana
50%
Son fils, qui fonde la dynastie des Carolingiens. Pépin le Bref
50%
En 1203, c'est le premier à obtenir le titre de "Roi de France". Son surnom fait d’ailleurs référence au premier empereur romain. Philippe II Auguste
50%
Ce roi convoite les richesses de ces derniers par le roi, les accuse d'hérésie et de mœurs incompatibles avec leur état de moines. Philippe IV le Bel
50%
Ce roi d'Angleterre meurt en 1199. Il a été élevé en France dans les possessions paternelles et maternelles et s'exprimait donc en ancien français. Il ne parlait probablement pas l'anglais. Richard Cœur de Lion
50%
Appellation qui a été attribuée, a posteriori, aux rois francs mérovingiens (littéralement rois qui ne font rien). Rois fainéants
50%
Surnom de ce dernier. Saint Louis
50%
Nom de la nouvelle dynastie royale. Valois
50%
Épisode lors duquel un guerrier casse un vase avec sa hache alors que Clovis voulait le rendre à l'évêque de l'église d'où venait le vase. Un an plus tard, Clovis tue ce guerrier avec sa hache. Vase de Soissons
50%
Rollon est à leur tête. Vikings/Normands
50%
Nom du théologien parisien qui tombe amoureux de sa jeune élève Héloïse, de vingt ans sa cadette. Abélard
25%
Charles VIII l'épouse en 1491. Anne de Bretagne
25%
Nom de la principauté crée dans la Syrie actuelle. Antioche
25%
Au début du mois d'août 1415, le roi anglais Henri V débarque près de Harfleur en Normandie avec 12000 hommes dont 8000 archers et s'empare de cette ville. L'armée française est gênée par l'étroitesse du champ de bataille et par le terrain boueux. Empêtrés dans leur lourde armure, ceux-ci sont impuissants face aux fantassins anglais qui viennent les achever à coups de hache et d'épée. - DÉFAITE Azincourt
25%
Après avoir perdu la Normandie, le roi d'Angleterre veut sa revanche sur la France. Il obtient le soutien de son neveu, Othon IV. Le fils du roi Français, Louis, met en déroute l’armée anglaise lors de cette bataille. - VICTOIRE Bataille de Bouvines
25%
Célèbre bataille d'Italie en 1515. Face à François Ier se dresse le duc de Milan, Maximilien Sforza, allié à l'Espagne, au pape Léon X et aux Suisses qui jouissent d'une réputation d'invincibilité. François Ier prend le contrôle du duché de Milan. - VICTOIRE Bataille de Marignan
25%
Au soir de cette bataille en Italie, le désastre militaire et la capture du roi François Ier devant les arquebusiers impériaux provoquent un traumatisme dans le royaume. Le roi de France doit renoncer à ses droits sur l'Italie et céder à Charles Quint le duché de Bourgogne. - DÉFAITE Bataille de Pavie
25%
À la mort du pape Boniface VIII, les cardinaux élisent à Pérouse cet archevêque de Bordeaux. Il ne siège jamais à Avignon, restant itinérant dans le sud de la France. L’autorité du roi de France dans son État l’emporte désormais sur celle du pape. Bertrand de Got/Clément V
25%
Noble breton et guerrier qui devient connétable de France en 1370. Il reconquiert le Poitou et la Saintonge aux mains des Anglais, avant de mourir de maladie lors du siège dans le Gévaudan en 1380. Peu après sa mort, une longue chanson de geste de 24 000 vers lui est consacrée. Bertrand du Guesclin
25%
La noblesse est divisée en deux partis (citez-en un, nord et sud). Le royaume bascule dans la guerre civile, les anglais en profitent. Bourguignons/Armagnacs
25%
Nom de son frère, mort en 771. Carloman Ier
25%
Attila prend la route d’Orléans mais les Alains, Burdonges et Francs se sont alliés aux Romains et défont l’armée des Huns sur cette plaine près de Châlons-en-Champagne. - VICTOIRE Champs catalauniques
25%
Duc de Bourgogne, c'est un seigneur riche et puissant qui se pose en rival du roi de France, Louis XI. En 1475, il conquiert la Lorraine, mais celle-ci se soulève, soutenue par le roi. Il meurt lors de la bataille de Nancy en 1477 ce qui permet à Louis XI d'intégrer au royaume une grande partie des territoires bourguignons. Charles le Téméraire
25%
Arrêté en 1392, ce roi de France est pris d'un accès de fureur incontrôlé, tuant quatre de ses hommes avant d'être maîtrisé. Courtes et espacées au début, les crises deviennent de plus en plus longues et rapprochées, lui valant son surnom « le Fol ». Charles VI
25%
En mai 1243, Louis IX envoie une armée de 5000 hommes mettre le siège de ce château, à 1200 mètres d’altitude. Le 16 mars 1044, le château se rend, les quelques deux cents cathares refusent d’abjurer (de renoncer à l’hérésie) et sont envoyés au bûcher et brûlés vifs. Château de Montségur
25%
Ce dernier met le siège devant ce château afin de conquérir les possessions continentales du roi d'Angleterre. Celle-ci est percée et la forteresse se rend le 6 mars 1204. La Normandie intègre immédiatement le domaine royal. Château-Gaillard
25%
Noble, homme de guerre et administrateur qui est célèbre par les vertus chevaleresques qu'il manifesta pendant les Guerres d'Italie aux XVe-XVIe siècles. Il a été surnommé le chevalier sans peur et sans reproche. Chevalier Bayard
25%
Roi franc de la dynastie des Mérovingiens de 629 à 639. Dagobert Ier
25%
Langue romane, dérivée du latin imposé par la conquête de la Gaule par les Romains au Ier siècle av. J.-C. Le premier texte littéraire écrit dans cette langue n’est pas la Chanson de Roland mais La séquence de sainte Eulalie, un texte de 880 écrit en langue d'oïl (nord de la France). Français
25%
Il est sacré roi en 987, c'est le dernier roi carolingien. Hugues Capet
25%
Nom donné au soulèvement paysan éclatant en pleine guerre de Cent Ans (1358). Jacqueries
25%
Ce maître de l'Ordre, est brûlé vif en mars 1314. Les autres membres avaient été arrêtés et soumis à la torture et la plupart de ces derniers avouent ce qui leur est reproché (renié le Christ, craché sur la croix, la sodomie). Jacques de Molay
25%
Elle est née en 1412 à Domrémy en Lorraine (renommée aujourd’hui Domrémy-la-Pucelle), dans une région qui soutient le roi de France. À 13 ans, elle dit entendre des voix célestes qui lui enjoignent de chasser les Anglais du royaume de France. Jeanne d’Arc
25%
Nom donné à une affaire d'État, du nom d'une construction située au centre de Paris, lors de laquelle un adultère des trois brus (belles-filles) du roi de France aurait été commis. Il conduit à l'exécution des amants et à l'emprisonnement de ces dernières. L'affaire de la tour de Nesle
25%
Série de conflits. Le roi précédent devient roi au détriment d’Édouard III, roi d’Angleterre et vassal du roi de France, en conflit avec les Écossais qui réclament leur indépendance. Le roi de France soutient l’Écosse et encourage la révolte des vassaux du roi anglais en Guyenne. En réaction, ce dernier multiplie les préparatifs pour la guerre. Philippe IV confisque ses fiefs. La guerre de Cent Ans
25%
Vieille coutume franque qui écarte les femmes et leurs enfants de la succession du royaume de France. La loi salique
25%
Le duc de Bourgogne Jean sans Peur fait assassiner cette personne (son cousin) le 23 novembre 1407. Le duc d’Orléans
25%
Surnommé ainsi après sa mort en raison de la couleur de son armure, c'est le prince de Galles, fils aîné d'Édouard III. Il effectue plusieurs chevauchées ravageuses dans le sud-ouest de la France. Décédé un an avant son père, il ne sera jamais roi. Le Prince noir
25%
Nom donnés aux six riches qui se rendent, en chemise, pieds nus et la corde au cou afin d'être pendus par le roi Édouard III. Les bourgeois de Calais
25%
Surnom de Charles VII à la suite de cette victoire. Le Victorieux
25%
Nom de son cousin qui devient roi en 1498, lorsque ce dernier meurt prématurément à 27 ans après s’être cogné la tête contre le linteau d’une porte au château d’Amboise. Louis d'Orléans
25%
Le roi d’Angleterre signe ce document qui restreint ses droits, forcé par les nobles exaspérés par ce roi qui n’en fait qu’à sa tête. Magna Carta
25%
Fils d’un officier romain d’origine slave, il a été légionnaire dans l’armée du Rhin avant de se faire baptiser. Il devient moine et fonde l’abbaye de Marmoutier. Élu évêque de la ville accolée à son prénom en 371, il évangélise les campagnes. La dévotion qu'on lui porte se manifeste à travers une relique, le manteau ou la chape - qu'il partage avec un déshérité transi de froid. Martin de Tours
25%
Elle porte secourt à cette ville assiégée par les Anglais depuis le 12 octobre 1428. En une semaine, elle retourne la situation : les Anglais lèvent le siège le 8 mai 1429. Jeanne persuade Charles VII d'aller se faire sacrer à Reims, en territoire bourguignon. Orléans
25%
Ses deux successeurs feront construire ce palais. Palais des papes
25%
Désigné roi en avril 1328, il ordonne le dénombrement de la population pour envisager la création d’un nouvel impôt suite à la menace d’une guerre prochaine avec les villes flamandes en révolte. Philippe VI
25%
Il est issu de cette famille noble franque. Pippinides/Pépinides
25%
Vers 1170, publication des premiers textes connus de ce recueil de récits satiriques de nombreux auteurs, dont les personnages sont des animaux. Roman de Renart
25%
Ville où son procès à lieu suite à son arrestation par les Bourguignons qui la livrent aux Anglais et où elle est brûlée vive à Rouen le 30 mai 1431. Rouen
25%
Date de début de la guerre. 1337
0%
Date de fin de la guerre. 1453
0%
Lors de la troisième, ils reprennent cette ville (Israël actuel). Acre
0%
​​Le pape Boniface VIII est humilié dans cette ville du sud de Rome en 1303 par le roi précédent qui envoie ses soldats l'arrêter. Le pape, insulté, molesté est retenu prisonnier dans sa résidence avant d’être délivré par les habitants. Anagni
0%
Depuis le VIe siècle, le royaume des Francs est divisé en trois régions. Citez-en une. Austrasie, Burgundie et Neustrie
0%
Représentants du roi dans l’administration (nord et sud). Baillis/Sénéchaux
0%
Charles VIII remporte cette bataille lors des guerres d'Italie en 1495. Bataille de Fornoue
0%
Ce dernier aurait refusé de baiser le pied de ce roi de France : c’est un de ses guerriers qui remplit cette tâche mais porte son pied à sa bouche et le fait trébucher provoquant une grande hilarité. À l’issue de la rencontre, il donne à Rollon les territoires autour de Rouen. En contrepartie ce dernier se convertit au christianisme et promet fidélité au roi. Charles III
0%
Son père. Childéric
0%
Les deux puissants ordres religieux du Xe-XIIe, bénédictins (réforme grégorienne) et cisterciens (règle de saint Benoît, vivent dans la pauvreté). Cluny et Cîteaux
0%
En 1516, François Ier et le pape Léon X se rencontrent à Bologne, en Italie pour signature cet accord qui confirme le contrôle du roi sur l'Église catholique en France. Concordat
0%
Nom du comté créé dans la Turquie actuelle. Édesse
0%
Les Romains firent, dès le IIe siècle av. J.-C., alliance avec eux, et le Sénat romain les proclama frères de la république. Rome profita de la rivalité qui divisait ces derniers et les Arvernes pour intervenir dans les affaires de la Gaule. Éduens
0%
Église romane construite en 1040 dans l'Aveyron. L’ermite Dadon et ses compagnons s’y installent et adoptent la règle de saint Benoît et le monastère est officiellement fondé en 819 par Louis le Pieux. Église de Conques
0%
Foi chrétienne prônant la pauvreté est créée à Lyon, elle aura une influence sur la Savoie, le Luberon et la Lombardie et sera sujette à des répressions par l'Église catholique. Foi vaudoise
0%
À la tête de la chevalerie française, ce fils du roi français est capturé à la bataille de Poitiers (1356) par le prince susnommé. Jean II le Bon
0%
À la mort de ce dernier en 1314, les cardinaux réunis à Lyon élisent l’évêque d’Avignon qui devient pape sous ce nom. Toute l’administration pontificale s’installe en Avignon. Jean XXII
0%
Les troupes françaises retournent en Guyenne et déciment l’armée anglaise de ce chef le 17 juillet 1453 à Castillon. Les Anglais ne conservent que Calais. John Talbot
0%
Affrontement qui a lieu dans la Somme actuelle, le 26 août 1346. Les Français mettent en première ligne les arbalétriers. En face, depuis les hauteurs, les 5000 archers gallois font pleuvoir un déluge de flèches meurtrières. Ralentis par la pente du plateau, ils sont décimés par les archers. Édouard III met le siège devant Calais et dispose d’une porte d’entrée en France. - DÉFAITE La bataille de Crécy
0%
Nom donné à la bataille du 18 juin 1429 lors de laquelle Charles VII bat à plate couture les anglais près d’Orléans. C’est l'origine d'une expression qui signifie littéralement « une victoire sans appel, sans équivoque ». - VICTOIRE La bataille de Patay
0%
Soulèvement populaire qui s'est produit en 1382 à Paris sous le règne du roi précédent. C'est l'une des nombreuses révoltes populaires, qui éclatent dans tout le royaume de France au cours de l'année 1382 et voient le peuple se soulever pour protester - entre autres - contre l'oppression fiscale. La révolte des Maillotins
0%
Nom donné à une crise pontificale. En 1377, Grégoire XI quitte Avignon pour Rome. Sous la pression populaire, les 16 cardinaux (dont 12 sont français) élisent un prélat italien, Urbain VI. Mais une partie des cardinaux, inquiète de la personnalité imprévisible du pape (on le dit fou), déclare son élection invalide et élit un autre pape, cette fois français : Clément VII qui s’installe en Avignon. Le Grand Schisme d’Occident
0%
Guillaume de Lorris termine la première partie de ce roman courtois, Jean de Meung en écrira une deuxième partie quelques années plus tard. Le Roman de la Rose
0%
Livre manuscrit des frères de Limbourg de la fin du Moyen Âge, connu pour ses enluminures exceptionnelles. C'est un livre d'heures, rappelant les prières et les diverses tâches à accomplir tout au long de l'année. Les Très Riches Heures du duc de Berry
0%
Traité signé le 21 mai 1420 dans cette ville française entre Henri V d'Angleterre et Charles VI de France, faisant du premier l'héritier légitime du second. Il marque l'apogée de la suprématie anglaise lors de la guerre de Cent Ans. Le traité de Troyes
0%
Vestige célèbre de la tribu précédente. Le vase de Vix
0%
L’Empire est composé d’environ 300 comtés, dirigés par des comtes. Pour les contrôler, il nomme ces "envoyés du maître” chargés d'effectuer quatre tournées d’inspections par an. Missi dominici
0%
L’évêque de Laon, Adalbéron, réaffirme la conception selon laquelle Dieu a voulu que la société soit divisée en trois ordres définis par leur fonction. Cette tripartition va perdurer jusqu’à la Révolution française (citez-en un). Oratores (ceux qui prient), Bellatores (ceux qui combattent) et Laboratores (ceux qui qui travaillent)
0%
En 1435, Charles VII signe cet acte de paix avec le duc de Bourgogne Philippe le Bon puis reconquiert Paris. Paix d'Arras
0%
En héritant notamment des comtés de Flandre, d'Artois et de Nevers (duché de Bourgogne), ce duc devient l'un des plus puissants seigneurs d'Europe occidentale. Philippe le Hardi/Philippe de France/Philippe II de Bourgogne
0%
Ce théologien français fonde un collège à Paris (1257) qui prendra son nom au XVIe siècle. Robert de Sorbon
0%
Nom donné à l'interdiction des chevaliers et des seigneurs d’attaquer les personnes vulnérables non armées (les clercs, pèlerins, paysans…) et les lieux sacrés comme les églises ou cimetières. Trêve de Dieu
0%
Aucun quiz correspondant
Distribution des résultats
% des personnes avec chaque résultat
Percentile par nombre de réponses
Votre historique - résultats
Vous n’avez pas pris ce quiz depuis la dernière actualisation